| 000 | 00560cam a2200181 a 4500 | ||
|---|---|---|---|
| 020 | _a9780872077072 | ||
| 040 | _cDLC | ||
| 082 | 0 | 0 | _a372 INT 2010 A114 Or. |
| 245 | 0 | 4 | _aThe essential guide to selecting and using core reading programs / |
| 260 |
_aNewark, Del. : _bInternational Reading Association, _c2010. |
||
| 300 |
_aix, 350 p. ; _c24 cm. |
||
| 650 | 0 | _aReading (Early childhood) | |
| 650 | 0 | _aLanguage arts (Early childhood) | |
| 650 | 0 | _aLanguage policy | |
| 700 | 1 | _aDewitz, Peter, | |
| 710 | 2 | _aInternational Reading Association. | |
| 942 | _cEK | ||
| 999 |
_c17423 _d17423 |
||